000 00370nam a2200145Ia 4500
008 230312s9999||||xx |||||||||||||| ||und||
020 _a978-1-107-40115
082 _a519.2
_bKEL-R
100 _aNelson,Robert
245 0 _aSatellite Communications Systems Engineering
260 _bCambridge
_aUK
_c2011
300 _a230
650 _aComputer
_vComputer
942 _cBK
999 _c15798
_d15798